00396 a2200157 450000500170000001000130001702000260003003500130005603700090006908200080007810000170008624500540010326000360015727000230019330000220021620240530112752.0 aB-759260 a9789354712432c295.00 aB-759260 bGift a000 aDeary, Terry aHorrible Histories Savage Stone Age/bTerry Deary aNew YorkbScholastic Inc.c2023 aNew YorkbNew York a140 p.c19 cm(Pb)